| 000 | 01159nam a2200253 a 4500 | ||
|---|---|---|---|
| 005 | 20090808150638.0 | ||
| 008 | 950316s1994 ii b 001 0 eng | ||
| 010 | _aENG-93961 | ||
| 020 |
_c425.00 _a9788175347496 |
||
| 035 | _aEN-77494 | ||
| 037 | _bDBAD / PUB | ||
| 040 |
_adpl _bEnglish |
||
| 082 | _a347.54016 | ||
| 100 | _aSarvaria, S.K. | ||
| 245 |
_aLaw relating to notaries : _bcommentary on the Notaries Act, 1952, and Notaries Rules, 1956 along with relevant statutes / _cby S.K. Sarvaria (and) Snigdha Sarvaria; assisted by Apoorv Sarvaria; foreword by Kailash Gambhir |
||
| 260 |
_aDelhi _bUniversal Law Publishing _c2009 |
||
| 270 |
_aC-FF-1A, Dilkush Industrial Estate, (Opp. Hans Cinema, Azadpur) G.T. Karnal Road, _bDelhi _e110033 |
||
| 300 |
_axxxvi, 353p. _c26cm(Hb) |
||
| 500 | _aIncludes bibliographical references and index | ||
| 650 |
_aNotaries _zIndia. |
||
| 700 | _aSarvaria, Snigdha | ||
| 942 |
_2ddc _cEN _h347.54016 _mSAR |
||
| 999 |
_c29036 _d29036 |
||